| 000 | 01247cam a2200253 4500 | ||
|---|---|---|---|
| 001 | X121759 | ||
| 008 | 030327n2003 000 0 eng u | ||
| 035 | _a(Sirsi) u121759 | ||
| 100 | _aCrossfield, R. | ||
| 245 | _aKeep ahead of the competition | ||
| 260 | _c2003 | ||
| 490 |
_aEstates Gazette _v(0311) 15 March 2003, 148-150(2) |
||
| 520 | _aExamines the effect of the Competition Act 1998 on property transactions. Looks at various business activities which could cause competition law problems. Includes section on whether a merger will qualify for an investigation pointing out that one will only be triggered when it satisfies either the assets or the market-share test. Also considers if it is a non-land agreement which is not affected by the law. Reflects that competition law may not be completely negative for business as a third party affected by a merger may object to the OFT and its final decision may be influenced. | ||
| 650 | _aCOMPETITION ACT 1998 | ||
| 650 | _aLAND AGREEMENTS | ||
| 650 | _aFAIR TRADING ACT 1973 | ||
| 650 | _aOFT | ||
| 650 | _aCOMPETITION RULES | ||
| 650 | _aPROPERTY TRANSACTIONS | ||
| 650 | _aMERGERS | ||
| 690 | _aMANAGEMENT-BUSINESS MANAGEMENT | ||
| 700 | _aBevilacqua, K. | ||
| 942 | _n0 | ||
| 999 |
_c72363 _d72363 |
||